Deportivo Alavés Squad 2017-2018 - Statistics

General Stats
  • This quiz has been taken 23 times
  • The average score is 17 of 31
Answer Stats
# Position Nation Player % Correct
1 GK Spain Fernando Pacheco
100%
10 FW Sweden John Guidetti
100%
6 DF Chile Guillermo Maripán
93%
5 DF Spain Víctor Laguardia
93%
22 MF Ghana Mubarak Wakaso
86%
29 FW Bosnia and Herzegovina Ermedin Demirović
71%
24 FW Morocco Munir El Haddadi
71%
3 DF Spain Rubén Duarte
71%
4 DF Spain Alexis Ruano
64%
2 DF Spain Carlos Vigaray
64%
16 MF Colombia Daniel Torres
64%
19 MF Spain Manu García
64%
- Coach Spain Abelardo Fernández
57%
13 GK Spain Antonio Sivera
57%
10 MF Paraguay Óscar Romero
57%
12 DF Brazil Rodrigo Ely
57%
8 FW Serbia Aleksandar Katai
50%
21 FW Paraguay Hernán Pérez
50%
7 FW Spain Rubén Sobrino
50%
18 MF Spain Tomás Pina
50%
11 FW Spain Ibai Gómez
43%
15 FW Spain Bojan Krkić
36%
14 FW Spain Burgui
36%
9 FW Venezuela Christian Santos
36%
- Coach Italy Giovanni De Biasi
36%
- Coach Argentina Luis Zubeldía
36%
23 MF Spain Álvaro Medrán
29%
20 DF Spain Héctor Hernández
29%
17 FW Spain Alfonso Pedraza
21%
21 MF France Enzo Zidane
21%
- Coach Spain Javier Cabello
7%
No matching quizzes found
Score Distribution
Percent of People with Each Score
Percentile by Number Answered
Your Score History
You have not taken this quiz